| 000 | 00555nam a22002057a 4500 | ||
|---|---|---|---|
| 003 | OSt | ||
| 005 | 20140310181918.0 | ||
| 008 | 130717t xxu||||| |||| 00| 0 eng d | ||
| 050 |
_aBX 930 _b.Sa271 1998 |
||
| 082 |
_aTR 234 _bS9 1998 |
||
| 100 |
_aSawyer, Kieran _91306 |
||
| 245 |
_aFaith facts for young catholics / _cKieran Sawyer. |
||
| 260 |
_aNotre Dame, Ind : _bAve Maria Press, _cc1998. |
||
| 300 |
_a111 p. ; _bill. ; _c28 cm. |
||
| 521 | _aFaculty | ||
| 541 | _j1 | ||
| 562 | _e1 | ||
| 650 |
_aFaith _91307 |
||
| 942 |
_2lcc _cBK-TR _kTR |
||
| 999 |
_c6870 _d6870 |
||